[Event "Open Est 2016-2017"]
[Site "Aubagne"]
[Date "2016.10.01"]
[Round "1.25"]
[White "Piquemal, Jean Christophe"]
[Black "Cureau, Dominique"]
[Result "0-1"]
[WhiteElo "1150"]
[BlackElo "1409"]
[PlyCount "80"]
[EventDate "2016.??.??"]
[WhiteTeam "Marseille Echecs"]
[BlackTeam "Echiquier Marseillais 1872"]

1. e4 c5 2. c4 Nc6 3. Nc3 Nf6 4. g3 g6 5. d3 Bg7 6. Nf3 O-O 7. Bg2 d6 8. O-O
Bg4 9. Nd5 Nd4 10. Nxf6+ Bxf6 11. h3 Bd7 12. Nxd4 Bxd4 13. Rb1 b5 14. b3 Rb8
15. Be3 Bg7 16. d4 Qc8 17. d5 Bxh3 18. Bxh3 Qxh3 19. g4 Be5 20. f4 Qxe3+ 21.
Kh1 Qxe4+ 22. Qf3 Qxf3+ 23. Rxf3 Bd4 24. f5 bxc4 25. fxg6 hxg6 26. Rbf1 cxb3
27. axb3 Kg7 28. Kg2 g5 29. Rh3 Rh8 30. Rff3 Rxh3 31. Rxh3 a5 32. Rd3 Rh8 33.
Kf3 Rh3+ 34. Ke4 Rxd3 35. Kxd3 Kf6 36. Ke4 e6 37. dxe6 fxe6 38. Kd3 d5 39. Ke2
Ke5 40. Kd3 Kf4 0-1

[Event "Open Est 2016-2017"]
[Site "Aubagne"]
[Date "2016.10.01"]
[Round "1.26"]
[White "Bartolini, Manuela"]
[Black "Soulet, Kylian"]
[Result "0-1"]
[WhiteElo "1399"]
[BlackElo "1150"]
[PlyCount "41"]
[EventDate "2016.??.??"]
[WhiteTeam "Cercle d'Echecs Aubagnais"]
[BlackTeam "Cassis Echecs"]

1. e4 c6 2. Nf3 d5 3. e5 Bf5 4. d3 e6 5. Be2 Bc5 6. O-O f6 7. d4 Bb6 8. Be3 Nd7
9. b4 Qc7 10. Bf4 O-O-O 11. Qd2 Be4 12. Nc3 Bxf3 13. Bxf3 fxe5 14. Rfe1 exf4
15. a3 e5 16. b5 exd4 17. Ne2 Ngf6 18. Rac1 Ne5 19. Qxf4 Nd3 20. Qf5+ Qd7 21.
Qxd3 {il y a écrit Nh3?} 0-1

[Event "Open Est 2016-2017"]
[Site "Aubagne"]
[Date "2016.10.01"]
[Round "1.27"]
[White "Periale, Francine"]
[Black "Burnel, Marie-France"]
[Result "1-0"]
[WhiteElo "1146"]
[BlackElo "1399"]
[PlyCount "103"]
[EventDate "2016.??.??"]
[WhiteTeam "Cercle d'Echecs Aubagnais"]
[BlackTeam "Cercle d'Echecs Aubagnais"]

1. d4 d5 2. c4 dxc4 3. Qa4+ Bd7 4. Qxc4 Nc6 5. Nf3 Nf6 6. Qc2 Nxd4 7. Nxd4 Bc6
8. e3 e5 9. Nxc6 bxc6 10. Bd3 Bd6 11. O-O Qd7 12. Nd2 c5 13. Nf3 c6 14. e4 Rb8
15. Nh4 g6 16. Nf3 Rb4 17. Re1 O-O 18. a3 Rbb8 19. Bg5 Ng4 20. Qd1 Rbe8 21. Bh4
Kg7 22. Qd2 f5 23. Bg5 fxe4 24. Bxe4 Rxf3 25. gxf3 Kh8 26. Bf6+ Nxf6 27. Qg5
Nh5 28. Bxg6 hxg6 29. Qh6+ Qh7 30. Qd2 Nf4 31. Qxd6 Kg8 32. Qxc6 Rf8 33. Rxe5
Qh3 34. Rg5 Ne2+ 35. Kh1 Qxf3+ 36. Qxf3 Rxf3 37. Re1 Rxf2 38. Rxg6+ Kh7 39. Rg2
Rxg2 40. Kxg2 Nd4 41. Re4 Kg6 42. h4 Kf5 43. Re7 Kg4 44. Rh7 a5 45. h5 Nf5 46.
h6 Kg5 47. Rh8 Nxh6 48. Rc8 Ng4 49. Rxc5+ Kf4 50. Rxa5 Ne3+ 51. Kh3 Nc4 52. Ra4
1-0

[Event "Open Est 2016-2017"]
[Site "Aubagne"]
[Date "2016.10.01"]
[Round "1.28"]
[White "De Laurentis, Pierre"]
[Black "Catanese, Sauveur"]
[Result "0-1"]
[WhiteElo "1399"]
[BlackElo "1120"]
[PlyCount "62"]
[EventDate "2016.??.??"]
[WhiteTeam "Cassis Echecs"]
[BlackTeam "Cercle d'Echecs Aubagnais"]

1. e4 d6 2. Nf3 g6 3. Be2 Nf6 4. O-O Bg7 5. b3 Nxe4 6. Nc3 Nxc3 7. dxc3 Bxc3 8.
Rb1 O-O 9. Qd3 Bg7 10. Ng5 e5 11. Qh3 Bxh3 12. gxh3 Nc6 13. h4 Re8 14. Rd1 h6
15. Ne4 Qxh4 16. Rf1 Qxe4 17. Re1 Qxc2 18. Rb2 Qf5 19. Bc4 Na5 20. Bb5 c6 21.
Be2 b5 22. Rd1 d5 23. b4 Nb7 24. Rc2 Qxc2 25. Re1 Qxa2 26. Bg4 Red8 27. Kg2 Qc4
28. Ba3 Qxg4+ 29. Kf1 e4 30. Rc1 Rac8 31. Rc3 Bxc3 0-1

[Event "Open Est 2016-2017"]
[Site "Aubagne"]
[Date "2016.10.01"]
[Round "1.29"]
[White "Coppel, Victor"]
[Black "Desjardins, Rene"]
[Result "0-1"]
[WhiteElo "1120"]
[BlackElo "1399"]
[PlyCount "98"]
[EventDate "2016.??.??"]
[WhiteTeam "L'Echiquier du Roy René"]
[BlackTeam "Club d'Echecs Pennois (CEP)"]

1. e4 e5 2. Nf3 Nc6 3. Bc4 h6 4. h3 Nf6 5. Nc3 Bb4 6. a3 Bxc3 7. bxc3 Nxe4 8.
Qe2 d5 9. Bb3 O-O 10. d4 exd4 11. cxd4 Re8 12. O-O Ng3 13. Qd3 Nxf1 14. Kxf1 a6
15. c3 b5 16. Bc2 g6 17. Qd2 Qf6 18. Qxh6 Qg7 19. Qf4 Ra7 20. Ng5 Nd8 21. Bb3
Ne6 22. Qh4 Nxg5 23. Bxg5 c6 24. Bf6 Qh7 25. Qf4 Bf5 26. Re1 Bd3+ 27. Kg1 Rxe1+
28. Kh2 Ra8 29. Qd6 Re6 30. Qf4 Rae8 31. a4 Bc4 32. Bc2 Re2 33. Qd6 Rxc2 34.
Qxc6 Rce2 35. Be5 R2xe5 36. dxe5 Re6 37. Qc8+ Kg7 38. f4 bxa4 39. Qb7 a3 40.
Qb4 a2 41. Qa3 Qh6 42. Qb2 Qxf4+ 43. Kg1 Qf1+ 44. Kh2 a1=Q 45. Qxa1 Qxa1 46.
Kg3 Qxc3+ 47. Kh2 Qxe5+ 48. Kg1 Qg3 49. h4 Re1# 0-1

[Event "Open Est 2016-2017"]
[Site "Aubagne"]
[Date "2016.10.01"]
[Round "1.30"]
[White "Fortoul, Alain"]
[Black "Timoner, Genevieve"]
[Result "0-1"]
[WhiteElo "1399"]
[BlackElo "1115"]
[PlyCount "62"]
[EventDate "2016.??.??"]
[WhiteTeam "Club d'Echecs Pennois (CEP)"]
[BlackTeam "Club d'Echecs Pennois (CEP)"]

1. e4 c5 2. Nf3 Nc6 3. Bc4 Nf6 4. d3 g6 5. Ng5 e6 6. a3 a5 7. c3 Bg7 8. O-O O-O
9. Be3 d5 10. Ba2 d4 11. Bd2 Qd6 12. cxd4 Nxd4 13. Bc3 Nc6 14. Nd2 b6 15. Nc4
Qc7 16. Nf3 Ba6 17. Qe2 Ng4 18. g3 Rad8 19. Rad1 Rd7 20. Bxg7 Kxg7 21. Nh4 h5
22. f3 Nge5 23. Bb1 Rfd8 24. b3 b5 25. Nb2 b4 26. a4 Nd4 27. Qd2 Nxb3 28. Qf4
f6 29. Rf2 g5 30. Qe3 c4 31. Ba2 Qc5 0-1

[Event "Open Est 2016-2017"]
[Site "Aubagne"]
[Date "2016.10.01"]
[Round "1.31"]
[White "Pentcheff, Julie"]
[Black "Georgesoglou, Bruno"]
[Result "0-1"]
[WhiteElo "1110"]
[BlackElo "1399"]
[PlyCount "60"]
[EventDate "2016.??.??"]
[WhiteTeam "Cassis Echecs"]
[BlackTeam "Hay Chess"]

1. d4 d5 2. Bg5 c5 3. e3 g6 4. Bb5+ Bd7 5. Bxd7+ Nxd7 6. Nf3 Ngf6 7. O-O Bg7 8.
Nc3 O-O 9. dxc5 Nxc5 10. b4 Nce4 11. Nxe4 Nxe4 12. Qd3 Bxa1 13. Rxa1 Nxg5 14.
Nxg5 e5 15. h4 Re8 16. Qe2 d4 17. Qf3 f5 18. Qxb7 Re7 19. Qd5+ Qxd5 20. Nf3 Rc8
21. a3 Rxc2 22. exd4 exd4 23. Ne1 Rce2 24. Kf1 Qc4 25. Nf3 d3 26. Kg1 d2 27. g3
Qc3 28. Rd1 Qxf3 29. Kh2 Qxf2+ 30. Kh1 Qh2# 0-1

[Event "Open Est 2016-2017"]
[Site "Aubagne"]
[Date "2016.10.01"]
[Round "1.32"]
[White "Hours, Evelyne"]
[Black "Cayrou, Fabien"]
[Result "0-1"]
[WhiteElo "1399"]
[BlackElo "1099"]
[PlyCount "39"]
[EventDate "2016.??.??"]
[WhiteTeam "Club d'Echecs Pennois (CEP)"]
[BlackTeam "Cassis Echecs"]

1. e4 e5 2. Nf3 Nc6 3. Bc4 Nf6 4. Ng5 Be7 5. O-O d6 6. Bb5 Bg4 7. f3 Bh5 8. c3
d5 9. d4 dxe4 10. d5 Bc5+ 11. Kh1 O-O 12. Be2 exf3 13. Nxf3 Bxf3 14. Bxf3 Nxd5
15. Qd2 h6 16. Re1 Bd6 17. b3 Re8 18. c4 Ndb4 19. Nc3 Be7 20. Ne4 {
J'ai Dame a5 pas possible et J'ai qu'une feuille????} 0-1

[Event "Open Est 2016-2017"]
[Site "Aubagne"]
[Date "2016.10.01"]
[Round "1.33"]
[White "Naam, Shedy"]
[Black "Labriaud, Gilles"]
[Result "0-1"]
[WhiteElo "1090"]
[BlackElo "1399"]
[PlyCount "88"]
[EventDate "2016.??.??"]
[WhiteTeam "Cassis Echecs"]
[BlackTeam "La Ciotat Echecs (LCE)"]

1. e4 c5 2. Nc3 Nc6 3. Bc4 d6 4. Nf3 Nf6 5. Ng5 e6 6. Bb5 Bd7 7. O-O g6 8. Nf3
Bg7 9. d4 cxd4 10. Nxd4 O-O 11. Nxc6 Bxc6 12. Bxc6 bxc6 13. Bf4 Ne8 14. Qc1 Rb8
15. Bg5 Nf6 16. Qd1 Rxb2 17. Qc1 Rb7 18. Bh6 Qb8 19. Bxg7 Kxg7 20. h3 Qc7 21.
Rd1 Rbb8 22. Qd2 d5 23. exd5 cxd5 24. Nb1 Rfc8 25. c3 Ne4 26. Qd4+ f6 27. Rd3
Rb2 28. Rf3 Rcb8 29. Qa4 Qb6 30. Kh2 Rxb1 31. Rxb1 Qxb1 32. Qa6 Qb6 33. Qa3
Qc7+ 34. g3 g5 35. Qa6 Rb6 36. Qa5 Kg6 37. Rd3 Nxf2 38. Rf3 Ne4 39. a4 Rb2+ 40.
Kg1 Qxa5 41. g4 Qxa4 42. Rf1 Ng3 43. Re1 Qf4 44. h4 Qf2# 0-1

[Event "Open Est 2016-2017"]
[Site "Aubagne"]
[Date "2016.10.01"]
[Round "1.34"]
[White "Lang, Alexandre"]
[Black "Veith, Irene"]
[Result "0-1"]
[WhiteElo "1399"]
[BlackElo "1072"]
[PlyCount "52"]
[EventDate "2016.??.??"]
[WhiteTeam "Cercle d'Echecs Aubagnais"]
[BlackTeam "La Ciotat Echecs (LCE)"]

1. Nf3 Nc6 2. d4 e5 3. e4 d5 4. Nc3 Bb4 5. Bd2 exd4 6. Nxd5 a5 7. a3 Bc5 8. Bd3
Nf6 9. Nxf6+ Qxf6 10. Bg5 Qe6 11. Qd2 f6 12. Bf4 Bd6 13. Bxd6 Qxd6 14. Bc4 Bd7
15. O-O O-O-O 16. Bd5 Rhe8 17. Nxd4 Re5 18. Nxc6 Bxc6 19. Bxc6 Qxd2 20. Rad1
Qxc2 21. Bxb7+ Kxb7 22. Rxd8 Qxe4 23. f3 Qe3+ 24. Rf2 Qc1+ 25. Rf1 Re1 26. Re8
Rxf1# 0-1

[Event "Open Est 2016-2017"]
[Site "Aubagne"]
[Date "2016.10.01"]
[Round "1.35"]
[White "Auguste, Yvan"]
[Black "Lapusan, Razvan"]
[Result "0-1"]
[WhiteElo "1070"]
[BlackElo "1399"]
[PlyCount "68"]
[EventDate "2016.??.??"]
[WhiteTeam "Cercle d'Echecs Aubagnais"]
[BlackTeam "Cercle d'Echecs Aubagnais"]

1. e4 c6 2. c4 e5 3. Nf3 Qc7 4. a4 Bb4 5. Qb3 a5 6. Nc3 Nf6 7. d3 h6 8. d4 d6
9. Qc2 Bg4 10. h3 Bxf3 11. gxf3 exd4 12. Rg1 dxc3 13. bxc3 Bc5 14. Bd3 g6 15.
f4 Nbd7 16. Rb1 b6 17. Rb3 Nh5 18. Ba3 Nxf4 19. Bf1 g5 20. Qb2 Ra6 21. Rg4 Ne5
22. Rg3 Nh5 23. Rg2 Nf3+ 24. Ke2 Nf4+ 25. Kd1 Nxg2 26. Bxg2 Ne5 27. Qe2 Qe7 28.
Bxc5 dxc5 29. f3 Qe6 30. Rb2 Qxc4 31. Qe3 Qxa4+ 32. Ke2 Nc4 33. Qc1 Nxb2 34.
Qxb2 Qc4+ 0-1

[Event "Open Est 2016-2017"]
[Site "Aubagne"]
[Date "2016.10.01"]
[Round "1.36"]
[White "Naam, Mourad"]
[Black "Lognos, Lina"]
[Result "0-1"]
[WhiteElo "1399"]
[BlackElo "1062"]
[PlyCount "50"]
[EventDate "2016.??.??"]
[WhiteTeam "Cassis Echecs"]
[BlackTeam "Cercle d'Echecs Aubagnais"]

1. e4 c5 2. Nf3 Nf6 3. Nc3 Nc6 4. d3 d6 5. g3 g6 6. Bg2 Bg7 7. O-O O-O 8. b3 e5
(8... Nxe4 9. dxe4 Bxc3 10. Rb1 Qa5) 9. a3 a6 10. a4 Bd7 11. Ba3 Na5 12. Rb1 b5
13. Re1 b4 14. Bb2 bxc3 15. Bxc3 Rb8 16. Qd2 Qc8 17. Ng5 h6 18. Nf3 Bh3 19. Nh4
Bxg2 20. Nxg2 Nc6 21. Qe2 Qg4 22. h3 Qxh3 23. b4 Ng4 24. Ra1 Qh2+ 25. Kf1 Qh1#
0-1

[Event "Open Est 2016-2017"]
[Site "Aubagne"]
[Date "2016.10.01"]
[Round "1.37"]
[White "Tramarin, Matteo"]
[Black "Pignol, Jeanne"]
[Result "1-0"]
[WhiteElo "1050"]
[BlackElo "1399"]
[PlyCount "78"]
[EventDate "2016.??.??"]
[WhiteTeam "Cercle d'Echecs Aubagnais"]
[BlackTeam "Club d'Echecs Pennois (CEP)"]

1. e4 d6 2. Nf3 g6 3. d4 Bg7 4. Bg5 f6 5. Be3 Nc6 6. Bb5 Bd7 7. c3 Bg4 8. Qa4
Bd7 9. d5 Nb8 10. Nd4 Bf8 11. Ne6 a6 12. Nxd8 Bxb5 13. Qa5 b6 14. Qb4 e5 15.
Ne6 c5 16. Nc7+ Kd8 17. Qxb5 axb5 18. Nxa8 Na6 19. Na3 b4 20. cxb4 Nxb4 21.
Nxb6 Nc2+ 22. Nxc2 g5 23. Na3 Ne7 24. Nb5 Ng6 25. g3 h5 26. Rg1 Rh7 27. h4 g4
28. Nc4 Rf7 29. Nbxd6 Rd7 30. Bxc5 Bxd6 31. Bxd6 Nh8 32. O-O-O Nf7 33. Bc5 Rc7
34. Bb6 Kc8 35. Bxc7 Kxc7 36. a4 Kb8 37. b4 Nd8 38. d6 Kc8 39. d7+ Kc7 1-0

[Event "Open Est 2016-2017"]
[Site "Aubagne"]
[Date "2016.10.01"]
[Round "1.38"]
[White "Reynaud, Jacques"]
[Black "Delaplace, Mathias"]
[Result "1-0"]
[WhiteElo "1395"]
[BlackElo "1028"]
[PlyCount "83"]
[EventDate "2016.??.??"]
[WhiteTeam "Cercle d'Echecs Aubagnais"]
[BlackTeam "Marseille Echecs"]

1. d4 d5 2. g3 e6 3. Bg2 c5 4. Bf4 Bd6 5. e3 Nc6 6. dxc5 Qa5+ 7. Nd2 Qxc5 8.
Bxd6 Qxd6 9. c3 Nf6 10. Ngf3 O-O 11. O-O b6 12. Qc2 Ba6 13. Rfd1 Ng4 14. Qa4
Bd3 15. Qxg4 Bf5 16. Qh4 Ne7 17. Nc4 Qc7 18. Nce5 f6 19. Nd3 Ng6 20. Qa4 e5 21.
Nb4 e4 22. Nxd5 Qc5 23. Ne1 Rad8 24. Bxe4 Bxe4 25. Qxe4 Rfe8 26. Qd4 Qxd4 27.
Rxd4 Re5 28. Nxf6+ gxf6 29. Rxd8+ Kf7 30. Rad1 a5 31. Nf3 Re7 32. Nd4 Re5 33.
Nc6 Re4 34. R1d7+ Ne7 35. Nxe7 Rxe7 36. Rxe7+ Kxe7 37. Rb8 Kd7 38. Rxb6 Ke7 39.
c4 f5 40. Rb7+ Kd6 41. Rxh7 Kc5 42. b3 1-0

[Event "Open Est 2016-2017"]
[Site "Aubagne"]
[Date "2016.10.01"]
[Round "1.39"]
[White "Salvi, Angele"]
[Black "Cotton, Paul"]
[Result "0-1"]
[WhiteElo "1021"]
[BlackElo "1389"]
[PlyCount "76"]
[EventDate "2016.??.??"]
[WhiteTeam "Cercle d'Echecs Aubagnais"]
[BlackTeam "Cercle d'Echecs Aubagnais"]

1. e4 c5 2. Nf3 d6 3. d4 cxd4 4. Nxd4 Nf6 5. Nc3 g6 6. Be2 Bg7 7. Be3 O-O 8.
Qd2 Re8 9. O-O-O a6 10. h3 Nc6 11. f4 Bd7 12. g4 Rf8 13. g5 Ne8 14. h4 b5 15.
a3 b4 16. axb4 Nxb4 17. h5 Qa5 18. Kb1 Bb5 19. Nb3 Bxc3 20. bxc3 Qa2+ 21. Kc1
Qa3+ 22. Kb1 Nc6 23. Bf3 Rb8 24. Qc1 Qa4 25. Qb2 Bc4 26. Kc1 Bxb3 27. cxb3 Rxb3
28. Qc2 Qa1+ 29. Kd2 Rb2 30. Kd3 Rxc2 31. Kxc2 Qa2+ 32. Kc1 Qc4 33. Kb2 Nc7 34.
Bg4 Nb5 35. Bd4 Rb8 36. Rh3 Nxc3+ 37. Kc2 Nxd4+ 38. Kc1 Nb1+ 0-1

[Event "Open Est 2016-2017"]
[Site "Aubagne"]
[Date "2016.10.01"]
[Round "1.40"]
[White "Besucco, Guy"]
[Black "Belaid, Myriam"]
[Result "1-0"]
[WhiteElo "1348"]
[BlackElo "1010"]
[PlyCount "75"]
[EventDate "2016.??.??"]
[WhiteTeam "La Ciotat Echecs (LCE)"]
[BlackTeam "Club Provence Echecs"]

1. e4 g6 2. Nc3 a6 3. f4 Bg7 4. Bc4 e6 5. Nf3 h6 6. O-O Ne7 7. e5 O-O 8. Ne4 d6
9. Ng3 Nd7 10. d4 b6 11. Bd2 Bb7 12. Bd3 c5 13. exd6 Nc8 14. Be4 Rb8 15. Bxb7
Rxb7 16. c3 Nxd6 17. Ne5 Qc7 18. b3 b5 19. Qc1 f6 20. Nxd7 Qxd7 21. f5 exf5 22.
Bxh6 f4 23. Bxg7 Kxg7 24. Rxf4 Qe7 25. Rh4 g5 26. Rh3 Re8 27. Qc2 Qf7 28. Qh7+
Kf8 29. Qh8+ Ke7 30. Re1+ Kd7 31. Rxe8 Qd5 32. Rh7+ Kc6 33. Rxb7 c4 34. b4 Nf7
35. Rxf7 Qxf7 36. Rc8+ Kd5 37. Qd8+ Ke6 38. Rc6# 1-0

[Event "Open Est 2016-2017"]
[Site "Aubagne"]
[Date "2016.10.01"]
[Round "1.41"]
[White "Denis, Aurele"]
[Black "Rocchia, Alex"]
[Result "0-1"]
[WhiteElo "1010"]
[BlackElo "1346"]
[PlyCount "68"]
[EventDate "2016.??.??"]
[WhiteTeam "Marseille Passion Echecs"]
[BlackTeam "Cercle d'Echecs Aubagnais"]

1. e4 d6 2. Bc4 Nf6 3. d3 g6 4. Bg5 Bg7 5. Nc3 a6 6. Nf3 c5 7. e5 dxe5 8. Nxe5
O-O 9. O-O Nbd7 10. Nxf7 Rxf7 11. Bxf7+ Kxf7 12. Qe2 b5 13. Rae1 Bb7 14. Qe6+
Kf8 15. a3 b4 16. Re2 bxc3 17. bxc3 Bd5 18. Qxe7+ Qxe7 19. Rxe7 Kxe7 20. d4 Rb8
21. Bf4 Ne8 22. Bxb8 Nxb8 23. dxc5 Bxc3 24. Rb1 Nd7 25. Rd1 Bc6 26. Rd6 Nxd6
27. cxd6+ Ke6 28. f4 Kxd6 29. g4 Bd4+ 30. Kf1 Be3 31. Ke2 Bxf4 32. h4 Ke5 33.
Kd3 Be4+ 34. Kc3 Kd5 0-1

[Event "Open Est 2016-2017"]
[Site "Aubagne"]
[Date "2016.10.15"]
[Round "2.1"]
[White "Cureau, Dominique"]
[Black "Denis, Vincent"]
[Result "1/2-1/2"]
[WhiteElo "1409"]
[BlackElo "1843"]
[PlyCount "76"]
[EventDate "2016.??.??"]
[WhiteTeam "Echiquier Marseillais 1872"]
[BlackTeam "Marseille Passion Echecs"]

1. c4 c5 2. Nf3 Nf6 3. Nc3 d5 4. cxd5 Nxd5 5. g3 Nc7 6. Bg2 Nc6 7. O-O e5 8. d3
Bd7 9. a3 Rb8 10. Rb1 f6 11. e3 Be7 12. Na2 O-O 13. b4 Be6 14. Qd2 e4 15. Ne1
exd3 16. bxc5 Bxc5 17. Nxd3 Bb6 18. Nab4 Nxb4 19. axb4 Bc4 20. Rd1 Qe7 21. Qc2
Bb5 22. Nc5 Rfd8 23. Rxd8+ Rxd8 24. Nxb7 Rc8 25. Nc5 a6 26. Ba3 Kh8 27. Rd1 Qe8
28. Qb1 Ne6 29. Nb7 Qh5 30. Rd6 Qe2 31. Bf1 Qf3 32. Bxb5 Bxe3 33. Qf1 Rc2 34.
fxe3 Qxe3+ 35. Kh1 Qe4+ 36. Kg1 Qe3+ 37. Kh1 Qe4+ 38. Kg1 Qe3+ 1/2-1/2

[Event "Open Est 2016-2017"]
[Site "Aubagne"]
[Date "2016.10.15"]
[Round "2.2"]
[White "Cescon, Moreno"]
[Black "Gamblin, Vincent"]
[Result "0-1"]
[WhiteElo "1785"]
[BlackElo "1418"]
[PlyCount "138"]
[EventDate "2016.??.??"]
[WhiteTeam "Club d'Echecs Pennois (CEP)"]
[BlackTeam "Marseille Echecs"]

1. e4 e5 2. Nf3 Nc6 3. Bc4 Nf6 4. d3 Bc5 5. O-O O-O 6. Nc3 a6 7. Bg5 d6 8. Nd5
Na5 9. Bxf6 gxf6 10. b4 Nxc4 11. bxc5 c6 12. dxc4 cxd5 13. Qxd5 dxc5 14. Qxc5
Be6 15. Rfd1 Qc8 16. Qe3 Qxc4 17. Qh6 Qxe4 18. Qxf6 Qg6 19. Qxe5 Qxc2 20. Nd4
Qg6 21. Re1 Bh3 22. g3 Rfe8 23. Qc7 Qd3 24. Qf4 Rad8 25. Nf3 Rxe1+ 26. Rxe1 Qf5
27. Qg5+ Qxg5 28. Nxg5 Bf5 29. Re7 Rc8 30. Re5 Bb1 31. a3 Kg7 32. Nf3 Rc3 33.
Re3 Rxe3 34. fxe3 Kf6 35. Kf2 b5 36. Ke2 Kf5 37. h3 Be4 38. g4+ Kg6 39. Ne5+
Kg7 40. Nd7 a5 41. Nc5 Bd5 42. e4 Bc4+ 43. Kd2 Kg6 44. Nb7 a4 45. Nd6 Bf1 46.
h4 Kf6 47. Kc3 Ke6 48. Ne8 Ke5 49. Kb4 Kxe4 50. Nd6+ Kf4 51. Nxf7 Kxg4 52. Ng5
h5 53. Nh7 Kxh4 54. Nf6 Kg5 55. Ne4+ Kf4 56. Nf6 h4 57. Nd5+ Kg3 58. Ne3 Be2
59. Nf5+ Kg4 60. Ne3+ Kf3 61. Nc2 Bf1 62. Nd4+ Kf2 63. Nxb5 Bxb5 64. Kxb5 h3
65. Kxa4 h2 66. Kb5 h1=Q 67. a4 Qb1+ 68. Ka6 Qb4 69. a5 Ke3 0-1

[Event "Open Est 2016-2017"]
[Site "Aubagne"]
[Date "2016.10.15"]
[Round "2.3"]
[White "Deregnaucourt, Yves"]
[Black "Desjardins, Rene"]
[Result "1-0"]
[WhiteElo "1729"]
[BlackElo "1399"]
[PlyCount "105"]
[EventDate "2016.??.??"]
[WhiteTeam "Cercle d'Echecs Aubagnais"]
[BlackTeam "Club d'Echecs Pennois (CEP)"]

1. e4 e6 2. d4 d5 3. Nc3 Nf6 4. Bg5 Be7 5. e5 Nfd7 6. Bxe7 Qxe7 7. f4 O-O 8.
Nf3 a6 9. Bd3 f6 10. Ne2 Nc6 11. c3 b5 12. O-O Bb7 13. Ng3 Qf7 14. f5 Rae8 15.
fxe6 Qxe6 16. Qc2 fxe5 17. Bxh7+ Kh8 18. Ng5 Qh6 19. Nf7+ Rxf7 20. Rxf7 Qxh7
21. Qxh7+ Kxh7 22. Rxd7 exd4 23. Rxc7 Rb8 24. Rf1 d3 25. Nf5 Ne5 26. Rxg7+ Kh8
27. Re7 Nc4 28. b3 Nb2 29. Ne3 d2 30. Rb1 Nd3 31. Rd1 d4 32. cxd4 Rg8 33. Rxb7
Ne1 34. Kf2 Nd3+ 35. Ke2 Nc1+ 36. Kxd2 Nxa2 37. Rf1 Rd8 38. d5 Nb4 39. Kc3 a5
40. Rff7 Rc8+ 41. Rfc7 Re8 42. Re7 Rc8+ 43. Rec7 Rd8 44. d6 Na6 45. Ra7 b4+ 46.
Kb2 Nc5 47. d7 Nxd7 48. Rxd7 Rc8 49. Nf5 a4 50. bxa4 b3 51. Rh7+ Kg8 52. Rag7+
Kf8 53. Rh8# 1-0

[Event "Open Est 2016-2017"]
[Site "Aubagne"]
[Date "2016.10.15"]
[Round "2.4"]
[White "Georgesoglou, Bruno"]
[Black "Roger, Patrick"]
[Result "0-1"]
[WhiteElo "1399"]
[BlackElo "1668"]
[PlyCount "50"]
[EventDate "2016.??.??"]
[WhiteTeam "Hay Chess"]
[BlackTeam "Club Provence Echecs"]

1. e4 e6 2. d3 d5 3. Nd2 Nf6 4. g3 c5 5. e5 Nfd7 6. Bg2 Nxe5 7. Ngf3 Nbc6 8. c3
Nxd3+ 9. Ke2 c4 10. Rf1 Qc7 11. Qc2 Nce5 12. Kd1 Bc5 13. Nd4 Bd7 14. f4 Ng4 15.
N2f3 O-O 16. Ne1 e5 17. fxe5 Ngxe5 18. Bxd5 Bg4+ 19. Kd2 Rad8 20. Bf3 Bxd4 21.
Qd1 Nxf3+ 22. Nxf3 Bf6 23. Kc2 Ne1+ 24. Qxe1 Bf5+ 25. Qe4 Bxe4# 0-1

[Event "Open Est 2016-2017"]
[Site "Aubagne"]
[Date "2016.10.15"]
[Round "2.5"]
[White "Desbois, Jean-Marie"]
[Black "Labriaud, Gilles"]
[Result "1/2-1/2"]
[WhiteElo "1657"]
[BlackElo "1399"]
[PlyCount "107"]
[EventDate "2016.??.??"]
[WhiteTeam "Marseille Echecs"]
[BlackTeam "La Ciotat Echecs (LCE)"]

1. e4 c5 2. Nf3 Nc6 3. c3 d6 4. Bc4 Nf6 5. d3 g6 6. h3 Bg7 7. Bb3 O-O 8. O-O
Bd7 9. Be3 h6 10. Nh4 Kh7 11. Nd2 b5 12. Ndf3 a5 13. a4 bxa4 14. Bxa4 Qc7 15.
Qc2 Be6 16. g4 Ng8 17. Bb3 Qd7 18. Bxe6 Qxe6 19. Ng2 Rfb8 20. Nd2 Rb6 21. Nf4
Qd7 22. Nc4 Rba6 23. Nd5 Qb7 24. Rab1 Ne5 25. Nxe5 Bxe5 26. f4 Bg7 27. Bd2 e6
28. Ne3 Qc6 29. f5 exf5 30. exf5 g5 31. d4 Nf6 32. d5 Qe8 33. Nc4 Qe4 34. Qxe4
Nxe4 35. Rbe1 Nxd2 36. Nxd2 Be5 37. Nc4 f6 38. Nxe5 dxe5 39. Re4 Rd6 40. Rd1 a4
41. Rc4 Ra5 42. Kf2 h5 43. Ke3 h4 44. Ke4 Kg7 45. Ra1 Raa6 46. Kd3 Kf7 47. Re4
Ke7 48. c4 Kd7 49. Ra3 Rdb6 50. Kc2 Ra7 51. Re1 Rb4 52. Rc3 Rab7 53. Rb1 Ra7
54. Ra1 1/2-1/2

[Event "Open Est 2016-2017"]
[Site "Aubagne"]
[Date "2016.10.15"]
[Round "2.6"]
[White "Lapusan, Razvan"]
[Black "Bertrand, Frederic"]
[Result "1-0"]
[WhiteElo "1399"]
[BlackElo "1650"]
[PlyCount "39"]
[EventDate "2016.??.??"]
[WhiteTeam "Cercle d'Echecs Aubagnais"]
[BlackTeam "Cercle d'Echecs Aubagnais"]

1. e4 e6 2. d4 d5 3. exd5 exd5 4. c4 Nf6 5. Nc3 Bb4 6. Bd3 h6 7. Nge2 dxc4 8.
Bxc4 O-O 9. O-O Nc6 10. a3 Bd6 11. Ng3 Bxg3 12. fxg3 Nxd4 13. Qd3 Ng4 14. Rf4
c5 15. Rxg4 Bxg4 16. Bxh6 Qf6 17. Bf4 Bf5 18. Qf1 g5 19. Nd5 Qg6 20. Ne7+ 1-0

[Event "Open Est 2016-2017"]
[Site "Aubagne"]
[Date "2016.10.15"]
[Round "2.7"]
[White "Cotton, Paul"]
[Black "Ganier, Philippe"]
[Result "0-1"]
[WhiteElo "1389"]
[BlackElo "1584"]
[PlyCount "118"]
[EventDate "2016.??.??"]
[WhiteTeam "Cercle d'Echecs Aubagnais"]
[BlackTeam "La Ciotat Echecs (LCE)"]

1. Nf3 d6 2. g3 Nd7 3. Bg2 e5 4. d3 Be7 5. c4 Ngf6 6. Nc3 c6 7. O-O O-O 8. a3
a5 9. Bd2 Nc5 10. b4 axb4 11. axb4 Rxa1 12. Qxa1 Nb3 13. Qb2 Nxd2 14. Qxd2 Qc7
15. Ra1 Bf5 16. Ra7 d5 17. c5 e4 18. Nd4 Bg6 19. Bh3 exd3 20. exd3 Re8 21. Nf5
Bf8 22. Ne2 Bxf5 23. Bxf5 Qe5 24. Qf4 Qxe2 25. Rxb7 Qe5 26. Qf3 Rb8 27. Rxb8
Qxb8 28. Qf4 Qxf4 29. gxf4 g6 30. Bc8 d4 31. Bb7 Nd5 32. b5 Bxc5 33. bxc6 Nc7
34. Kg2 Bd6 35. Kf3 f5 36. h3 Kf7 37. Ke2 Kf6 38. Bc8 Bxf4 39. Kf3 g5 40. h4 h6
41. hxg5+ hxg5 42. Bd7 Bd6 43. Ke2 g4 44. Kf1 Ke5 45. Kg2 Kf4 46. Kf1 Nd5 47.
Ke2 Kg5 48. Bc8 f4 49. Be6 f3+ 50. Kd2 Nc3 51. Ke1 Kf4 52. Kf1 g3 53. fxg3+
Kxg3 54. Bb3 Ne2 55. Bd1 Nf4 56. Bc2 f2 57. Bb1 Nd5 58. Ba2 Ne3+ 59. Ke2 f1=Q+
0-1

[Event "Open Est 2016-2017"]
[Site "Aubagne"]
[Date "2016.10.15"]
[Round "2.8"]
[White "Sage, Jean-Claude"]
[Black "Reynaud, Jacques"]
[Result "1-0"]
[WhiteElo "1576"]
[BlackElo "1395"]
[PlyCount "65"]
[EventDate "2016.??.??"]
[WhiteTeam "Echiquier Marseillais 1872"]
[BlackTeam "Cercle d'Echecs Aubagnais"]

1. e4 c5 2. Nc3 d6 3. f4 e6 4. Nf3 Be7 5. Bc4 a6 6. a4 Nc6 7. d3 Nh6 8. O-O O-O
9. f5 exf5 10. Bxh6 gxh6 11. exf5 Bxf5 12. Nd2 Bg6 13. Nd5 Ne5 14. Ba2 b5 15.
Nxe7+ Qxe7 16. Bd5 Ra7 17. Ne4 Bxe4 18. dxe4 Kh8 19. Qh5 Rg8 20. Qxh6 Rg6 21.
Qf4 f6 22. Rf2 b4 23. Raf1 Qf8 24. Be6 Rag7 25. Bf5 Rg5 26. Be6 R7g6 27. Qd2
Qg7 28. Qe2 Qh6 29. Bf5 Rg7 30. g3 Rh5 31. Rg2 Nc4 32. Qxc4 Qe3+ 33. Rff2 1-0

[Event "Open Est 2016-2017"]
[Site "Aubagne"]
[Date "2016.10.15"]
[Round "2.9"]
[White "Rocchia, Alex"]
[Black "Corrias, Robert"]
[Result "0-1"]
[WhiteElo "1346"]
[BlackElo "1566"]
[PlyCount "72"]
[EventDate "2016.??.??"]
[WhiteTeam "Cercle d'Echecs Aubagnais"]
[BlackTeam "Club d'Echecs Pennois (CEP)"]

1. e4 e5 2. Nf3 Nc6 3. Bc4 Nd4 4. c3 Nxf3+ 5. Qxf3 Qf6 6. Qd3 Bc5 7. O-O Ne7 8.
a3 O-O 9. b4 Bb6 10. Qg3 Ng6 11. d3 Nf4 12. Bxf4 exf4 13. Qf3 d6 14. Nd2 Qg5
15. h3 c6 16. d4 Kh8 17. Rae1 a5 18. Ra1 f5 19. Rfe1 axb4 20. axb4 Bd7 21. Ra2
Rae8 22. Bd3 Be6 23. Raa1 Bf7 24. Qd1 Bg6 25. Qc2 Bh5 26. exf5 f3 27. g3 d5 28.
Re6 Bc7 29. Kh2 Bf4 30. Nf1 Rxe6 31. fxe6 Re8 32. Re1 h6 33. Bf5 g6 34. Bg4
Bxg4 35. hxg4 Qh4+ 36. Kg1 Qh3 0-1